000 01418nam1a2200337 4500
001 RU\NLR\BIBL_A\022651790
005 20260408192410.0
010 _a978-5-907705-58-6
_bмноготом.
035 _a(NLR Aleph) 022651790
090 _a13505071
_c13505071
100 _a20251023d2025 k y0rusy50 ca
101 1 _arus
_ceng
102 _aRU
105 _a||||z||||||||
181 0 _ai3
_baxxe
182 0 _an
200 1 _aТеория привязанности
_eв трех томах
_fпод редакцией Джуд Энн Кэссиди, Филиппа Р. Шейвера
_gперевод с английского и редакция О. Л. Пелявского
203 _aТекст
_bвизуальный
_cнепосредственный
210 _aМосква
_aСанкт-Петербург
_cДиалектика
_d2025
215 _d24
300 _aЗагл. ориг.: Handbook of attachment
300 _aВ вып. дан. и на корешке авт.: Д. Э. Кэссиди, Ф. Р. Шейвер
454 0 _12001#$aHandbook of attachment
_tHandbook of attachment
606 _aПривязанность (психол.)
_3RU\NLR\AUTH\661299394
_92158855
686 1 _aЮ935.213
702 1 _aКэссиди
_bД. Э.
_gДжуд Энн
_4340
852 _aNLR
_j2025-7/6370
942 _cBOOK
980 _aNB